000 00829cab a2200205 4500
001 ABS44997
008 090401t1991 xxu||||| |||| 00| 0 eng d
035 _a(Sirsi) u50263
041 _aeng
245 _aInformation technology
260 _c1991
350 _a0
490 _aChartered Surveyor Weekly
_v36(7) 15/22 August 1991, 42-49(4)
520 _aFeatures Telehouse in London Docklands purpose-built building for computing and telecommunications needs; the Property Information Data Exchange (Pride) a database on property availability and occupiers requirements, created by 10 London agents; and JLW`s office automation project.
650 _aHIGH TECHNOLOGY DATA CENTRES
650 _aTELECOMMUNICATIONS
690 _aMANAGEMENT-BUSINESS MANAGEMENT-INFORMATION MANAGEMENT
942 _n0
948 _c04/03/1997
999 _c31372
_d31372